000 00637nam a22002177a 4500
999 _c14520
_d14520
003 MIRAKIL
005 20210923163653.0
008 210923b tu ||||| |||| 00| 0 tur d
040 _aTR-AnCHP
_cTR-AnCHP
041 _aTur
082 _a909
_bT05u 1981
100 1 _aTanilli, Server
_d1931-2011
245 1 0 _aUygarlık Tarihi:
_bÇağdaş Dünyaya giriş/
_cServer Tanilli.
246 _aÇağdaş Dünyaya giriş
260 _aİstanbul :
_bSay Kitap Pazarlama,
_c1981.
300 _a464 s.:
_c23 sm.
490 0 _aBilim Dizisi;
_v1.
650 0 _95671
_aUygarlık
_xTarih
740 _aÇağdaş Dünyaya giriş
942 _2ddc
_cBKS